00588nam a2200193Ia 4500003000500000005001700005008004100022020001800063040001400081082001900095100006800114245004400182250001800226260003400244300002700278504005000305521001100355700002800366322820260601101447.0210818s9999 xx 000 0 und d a9780627025631 aMPLc3228 0a362.10968 HEAL a Van Rensburg, H C J (Hendrik Christoffel J) Pretoria, 2004  0aHealth and health care in South Africa  aFifth edition aPretoria:bVan Schaik,c2010. axxx, 626 pages,c24 cm aIncludes bibliographical references and index aAdults aVAN RENSBURG, HCJ el at